| 000 | 00959 a2200289 4500 | ||
|---|---|---|---|
| 001 | 200425086 | ||
| 003 | TR-AnTOB | ||
| 005 | 20240820113810.0 | ||
| 008 | 161010m20092012tu 001 0 | ||
| 020 | _a9786053951728 | ||
| 040 |
_aTR-AnTOB _cTR-AnTOB |
||
| 041 | _atur | ||
| 060 | 1 |
_aWX 150 JT8 _bT46 2009 |
|
| 096 | _aWX150 JT8 T46 2009 | ||
| 100 |
_aTengilimoğlu, Dilaver _961999 |
||
| 245 | 1 | 0 |
_aSağlık işletmeleri yönetimi / _cDilaver Tengilimoğlu, Oğuz Işık, Mahmut Akbolat. |
| 264 | 1 |
_aAnkara : _bNobel Yayın Dağıtım, _c2009. |
|
| 300 |
_a17 unnumbered pages, 456 pages ; _billustrations ; _c24 cm. |
||
| 590 | _aBir kopya Prof.Dr.Dilaver Tengilimoğlu, bir kopya Nevzat Argun tarafından bağışlanmıştır. | ||
| 650 | 1 | 2 |
_aHealth Services Administration _92220 |
| 653 | 5 | _aTurkey | |
| 700 | 1 |
_aIşık, Oğuz _962000 |
|
| 700 | 1 |
_aAkbolat, Mahmut _962001 |
|
| 942 |
_cBK _2lcc |
||
| 945 | _aSB | ||
| 999 |
_c200425086 _d41625 |
||